Normal view
MARC view
- Maurice V. Wilkes
Entry Personal Name
001 - CONTROL NUMBER
- control field: 38952
003 - CONTROL NUMBER IDENTIFIER
- control field: NUST
005 - DATE AND TIME OF LATEST TRANSACTION
- control field: 20210314131316.0
008 - FIXED-LENGTH DATA ELEMENTS
- fixed length control field: 210314|| aca||aabn | a|a d
040 ## - CATALOGING SOURCE
- Original cataloging agency: NUST
- Transcribing agency: NUST
100 ## - HEADING--PERSONAL NAME
- Personal name: Maurice V. Wilkes
670 ## - SOURCE DATA FOUND
- Source citation: Work cat.: (NUST): Wilkes, Maurice V. 38951, The Preparation of Programs for an Electronic Digital Computer, 1957
